000 00256nam a22001097a 4500
082 _a150
_bMAR/P
100 _aMARDEN,ORISON SWETT
245 _aPEACE POWER AND PLENTY
260 _aINDIA
_bARORA'S BOOK WORLD
650 _aPERSONALITY DEVELOPMENT
942 _cBK
999 _c5396
_d5396